000
00308nam a22001457a 4500
008
210519b ||||| |||| 00| 0 eng d
020
_a
9780155011045
041
_a
eng
080
_2
9th
_a
7
082
_a
7
100
_a
44
101
_a
ART
245
_a
Art & Ideas
_c
William Fleming
942
_2
udc
_c
BK
999
_c
57475
_d
57475